Antworten mit gleichem Anfangs- und Endbuchstaben: O – Q - Statistiken

Allgemein
  • Dieses Quiz wurde 288 mal gespielt
  • Das Durchschnittsergebnis liegt bei 11 aus 30
Antwortstatistiken
Hinweis Antwort % Korrekt
europäische Hauptstadt Oslo
97%
ostfriesischer Komiker (Vorname); deutscher Erfinder (Nachname) Otto
92%
Bundesstaat und Fluss in den USA Ohio
83%
griechischer Anisschnaps Ouzo
71%
Provinz in Kanada Ontario
65%
spanisch: acht ocho
57%
lautmalerisch für ein Pfeifen oder einen hohen Ton (z. B. eines Vogels) piep
56%
Kurzwort für Musik als Massenmedium Pop
53%
Gewürz- und Heilpflanze (Dost, Wilder Majoran) (7 Buchstaben) Oregano
50%
Stadt in Florida (7 Buchstaben) Orlando
47%
Automobil mit offener Ladefläche Pick-up
43%
Tragödie von Shakespeare Othello
41%
derb, grobschlächtig; schwerfällig; vordergründig, unverblümt plump
35%
übertriebener Luxus, Prunk (4 Buchstaben) Pomp
29%
Freiluftfilmvorführung Open-Air-Kino
26%
einer der wasserreichsten Flüsse der Erde (in Südamerika; 7 Buchstaben) Orinoco
24%
übers Internet zugängliche Bankverbindung Onlinekonto
23%
männlicher Vorname mit der Bedeutung "Pferdefreund" Philipp
21%
keine Bildmontage, sondern die ursprüngliche, unverfälschte Aufnahme Originalfoto
20%
abschließendes Musikstück oder abschließender Teil eines Musikstücks (engl.) Outro
19%
Urform; Modell Prototyp
19%
Menschenfreund Philanthrop
18%
Tanzlokal, das sich auf ältere Musik spezialisiert hat Oldie-Disco
17%
abwertende Bezeichnung für Gerede, Geschwätz Papperlapapp
17%
fünfundachtzig auf Französisch quatre-vingt-cinq
17%
Grundsatz; Gesetzmäßigkeit; Regel Prinzip
15%
Mittelwort zwischen Verb und Adjektiv, z. B. schreibend; geschrieben Partizip
14%
Geschwulst, Wucherung Polyp
9%
Text(buch) zu einem musikalischen Bühnenwerk Oper(ette)nlibretto
3%
Distrikt Grönlands mit einer Fläche von 245.500 km² Qaanaaq
3%
Keine übereinstimmenden Quizze gefunden
Verteilung der Resultate
Anzahl Personen mit jedem Resultat
Perzentil nach korrekt beantworteten Fragen
Ihre Resultats-Entwicklung
Sie haben dieses Quiz noch nicht gespielt